សិក្សាសង្គម ថ្នាក់ទី ៤​ / (Record no. 9153)

MARC details
000 -LEADER
fixed length control field 01822nam a22002297a 4500
001 - CONTROL NUMBER
control field 9153
003 - CONTROL NUMBER IDENTIFIER
control field FISKH
005 - DATE AND TIME OF LATEST TRANSACTION
control field 20251126091758.0
008 - FIXED-LENGTH DATA ELEMENTS--GENERAL INFORMATION
fixed length control field 251126b cb ||||| |||| 00| 0 eng d
020 ## - INTERNATIONAL STANDARD BOOK NUMBER
International Standard Book Number 9789995001209
040 ## - CATALOGING SOURCE
Original cataloging agency FISKH
Language of cataloging khr
Transcribing agency FISKH
Modifying agency FISKH
082 ## - DEWEY DECIMAL CLASSIFICATION NUMBER
Classification number 372.83
100 ## - MAIN ENTRY--PERSONAL NAME
Personal name Sophy , Van
245 ## - TITLE STATEMENT
Title សិក្សាសង្គម ថ្នាក់ទី ៤​ /
Statement of responsibility, etc. គណះកម្មការនិពន្ធ លោកស្រី វ៉ាន់ សុភី , លោក ងិន សុតារា , លោក គង់ ហាក់ និង លោក​ យិន សុធា
260 ## - PUBLICATION, DISTRIBUTION, ETC.
Place of publication, distribution, etc. ភ្នំពេញ :
Name of publisher, distributor, etc. គ្រឹះស្ថានបោះពុម្ពនិងចែកផ្សាយ ,
Date of publication, distribution, etc. 2010 .
300 ## - PHYSICAL DESCRIPTION
Extent 108 pages :
Other physical details illustrations ;
Dimensions 25 cm .
520 ## - SUMMARY, ETC.
Summary, etc. សៀវភៅនេះជាកម្រងខ្លឹមសារសំខាន់ៗដែលមានទំនាក់ទំនងទៅនឹងជីវភាពរស់នៅជាក់ស្តែងនៅក្នុងសង្គម ។ ខ្លឹមសារទាំងអស់បានសំរិតសំរាំងដើម្បីជួយប្អូនៗក្នុងការអភិវឌ្ឍចំណេះដឹង បំណិន និង ឥរិយាបថតាមកម្រិតវ័យនិងតម្រូវការចាំបាច់របស់ប្អូនៗ ។
520 ## - SUMMARY, ETC.
Summary, etc. “This book is a collection of essential content related to real-life living conditions in society. All of the material has been carefully selected to help students develop knowledge, skills, and attitudes appropriate to their age and necessary for their needs.”
700 ## - ADDED ENTRY--PERSONAL NAME
Personal name Sovanna, Long
Relator term Illustrator
942 ## - ADDED ENTRY ELEMENTS (KOHA)
Source of classification or shelving scheme Dewey Decimal Classification
Koha item type Khmer Books
Suppress in OPAC No
Holdings
Withdrawn status Lost status Source of classification or shelving scheme Damaged status Not for loan Collection Home library Current library Shelving location Date acquired Total Checkouts Full call number Barcode Date last seen Price effective from Koha item type
    Dewey Decimal Classification     Reference Footprints International School Library Network Toul Tom Poung Campus Footprints International School Library Network Toul Tom Poung Campus Librarian's Shelf TTP 11/26/2025   SOP 372.83 2025-4908 11/26/2025 11/26/2025 Khmer Books